000 00779nam a22001817a 4500
003 UA-OsUOA
001 14632
007 ta
008 20031013b un ||||| |||| 00| 0 ukr d
100 _aТивончук Н.
942 _cSA
040 _aUA-OsUOA
_cUA-OsUOA
_dUA-OsUOA
245 _aДуші людської вічні відкриття : [Під такою назвою вийшов у світ підготовлений обл. б-кою для юнацтва біобібліограф. нарис , присвячений 70-річчю від дня народження укр. поета О.Богачука]
300 _aС.2
955 _a0
773 0 _w0
_tВільне слово
_dРівне
_d2003
_g№80/8 жовт./
650 7 _aБібліографія
_2UDC
999 _c300796
_d300796